Movies Quiz

Random Movies or Numbers Quiz

Cinematic Shades Quiz Stats

Quiz Updated Oct 12, 2016

Also try: Actors in Disguise
Challenge
Share
Tweet
Score 0/25 Timer 06:00
0 Plays Today
Number(Year) Movie Title % Correct
8
(1984)
The Terminator
93.6%
1
(1980)
The Blues Brothers
91.7%
4
(1986)
Top Gun
90.4%
7
(2005)
Charlie and the Chocolate Factory
90.1%
14
(1997)
Men In Black
90%
2
(1999)
The Matrix
88.4%
15
(2009)
The Hangover
86.4%
12
(2001)
Legally Blonde
79%
10
(2008)
Hancock
76.3%
22
(2000)
X-men
69.6%
18
(1998)
Blade
69.4%
21
(1999)
Fight Club
67.8%
3
(1961)
Breakfast at Tiffany's
65.6%
Number(Year) Movie Title % Correct
25
(1998)
The Big Lebowski
61.4%
13
(2000)
Pitch Black
42.2%
6
(1986)
Ferris Bueller's Day Off
36.6%
9
(2008)
Wanted
35.9%
16
(1994)
Leon: The Professional
35.5%
11
(1992)
Reservoir Dogs
30.2%
23
(1992)
My Cousin Vinny
25.9%
17
(1989)
Bill & Ted's Excellent Adventure
24.5%
20
(1986)
Cobra
16.2%
19
(1962)
Lolita
14.8%
24
(1967)
Cool Hand Luke
11.4%
5
(1988)
They Live
10.1%

You're not logged in!

Compare scores with friends on all Sporcle quizzes.
Join for Free
OR
Log In

You Might Also Like...

Show Comments

Extras

Top Quizzes Today


Score Distribution

Your Account Isn't Verified!

In order to create a playlist on Sporcle, you need to verify the email address you used during registration. Go to your Sporcle Settings to finish the process.

Report this User

Report this user for behavior that violates our Community Guidelines.

Details: